Contabilidad : quinto curso /

Guardado en:
Autor Principal: Cholvis, Francisco
Formato: Libro
Publicado: Buenos Aires : Codex, 1965
Edición:7a. ed.
Etiquetas: Agregar Etiqueta
Sin Etiquetas, Sea el primero en etiquetar este registro!
LEADER 00445nam a22001575a 4500
001 CEM.cems001653
005 20060214000000.0
008 130507s1965##################000#0#####d
003 CEMS
082 0 4 |a 657 
100 1 |a Cholvis, Francisco 
245 1 0 |a Contabilidad :  |b quinto curso /  |c Francisco Cholvis 
250 |a 7a. ed. 
260 |a Buenos Aires :  |b Codex,  |c 1965 
300 |a 4521 p. 
859 |a CEMS  |b BIB. CEMS - 11 de abril  |h 657  |i Ch453-1a7/V  |p 3629.75  |t Ej.1